ბათუმის შოთა რუსთაველის სახელმწიფო უნივერსიტეტის ბიბლიოთეკა

გვიმრის ფოთლების საიდუმლოება. (ბიბ.ჩანაწერი № 48540)

000 -LEADER
fixed length control field 00750nam a2200205Ia 4500
001 - CONTROL NUMBER
control field 15437
003 - CONTROL NUMBER IDENTIFIER
control field GE_BSU
008 - FIXED-LENGTH DATA ELEMENTS--GENERAL INFORMATION
fixed length control field 181216s||||||||xx |||||||||||||| ||und||
040 ## - CATALOGING SOURCE
Transcribing agency GE_BSU
080 ## - UNIVERSAL DECIMAL CLASSIFICATION NUMBER
Universal Decimal Classification number 821.353.1-32+821.353.1-31
100 ## - MAIN ENTRY--PERSONAL NAME
Personal name ჩადუნელი,იორამ
245 ## - TITLE STATEMENT
Title გვიმრის ფოთლების საიდუმლოება.
245 ## - TITLE STATEMENT
Statement of responsibility, etc. რედ.ვახტანგ ხარჩილავა. მხატვ. ნინო ნარიმანიძე
260 ## - PUBLICATION, DISTRIBUTION, ETC.
Place of publication, distribution, etc. თბილისი
260 ## - PUBLICATION, DISTRIBUTION, ETC.
Name of publisher, distributor, etc. მერანი
260 ## - PUBLICATION, DISTRIBUTION, ETC.
Date of publication, distribution, etc. 1990
300 ## - PHYSICAL DESCRIPTION
Extent 367გვ.22სმ.
653 ## - INDEX TERM--UNCONTROLLED
Uncontrolled term გვიმრის ფოთლების საიდუმლოება.
942 ## - ADDED ENTRY ELEMENTS (KOHA)
Koha item type წიგნი
ეგზემპლარები
Withdrawn status Lost status Damaged status Not for loan Date acquired Barcode Date last seen Price effective from Koha item type
        2018-12-17 38372 2018-12-17 2018-12-17 წიგნი
        2018-12-17 38373 2018-12-17 2018-12-17 წიგნი